UM Logo

California multitiered partnerships: (Record no. 16307)

MARC details
000 -LEADER
fixed length control field 00720nam a2200193 4500
008 - FIXED-LENGTH DATA ELEMENTS--GENERAL INFORMATION
fixed length control field 211116b ||||| |||| 00| 0 eng d
022 ## - INTERNATIONAL STANDARD SERIAL NUMBER
International Standard Serial Number 0732-8435
082 ## - DEWEY DECIMAL CLASSIFICATION NUMBER
Classification number DPer 657.05 C33 Apr - Sept 2016, v86 n4-9
100 ## - MAIN ENTRY--PERSONAL NAME
Personal name Delgado, Eddie.
9 (RLIN) 43680
245 ## - TITLE STATEMENT
Title California multitiered partnerships:
Remainder of title an overview of a complex area/
Statement of responsibility, etc. Eddie Delgado, Krista Schipp and Corey Rosenthal.
260 ## - PUBLICATION, DISTRIBUTION, ETC. (IMPRINT)
Place of publication, distribution, etc. New York:
Name of publisher, distributor, etc. The New York State Society of CPA,
Date of publication, distribution, etc. ©2016.
300 ## - PHYSICAL DESCRIPTION
Extent v86 n7, pages 68-69:
Other physical details illustrations;
Dimensions 28 cm.
500 ## - GENERAL NOTE
General note The CPA Journal
650 ## - SUBJECT ADDED ENTRY--TOPICAL TERM
Topical term or geographic name as entry element Partnership.
9 (RLIN) 2859
650 ## - SUBJECT ADDED ENTRY--TOPICAL TERM
Topical term or geographic name as entry element Joint ventures.
9 (RLIN) 43681
700 ## - ADDED ENTRY--PERSONAL NAME
Personal name Schipp, K.
Relator term Author.
9 (RLIN) 43682
700 ## - ADDED ENTRY--PERSONAL NAME
Personal name Rosenthal, C.
Relator term Author.
9 (RLIN) 43683
942 ## - ADDED ENTRY ELEMENTS (KOHA)
Source of classification or shelving scheme Dewey Decimal Classification
Koha item type Periodicals
Holdings
Withdrawn status Lost status Source of classification or shelving scheme Damaged status Not for loan Collection code Home library Current library Date acquired Total Checkouts Full call number Date last seen Price effective from Koha item type Public note
    Dewey Decimal Classification     Periodicals UM Digos College - LIC UM Digos College - LIC 11/16/2021   DPer 657.05 C33 Apr - Sept 2016, v86 n4-9 11/16/2021 11/16/2021 Periodicals Periodical article